1792 1641 1819 1796 1573 1549 1770 1809 1024 1883 1801 1109 1673 1280 1484 1925 1913 1766 1787 1738 1916 1822 1560 1606 1300 1073 1068 1169 1492 1382 1354 1251 1872 1999 1579 1018 1022 1181 1470 1167 1275 1871 1423 1085 1490 1890 1775 1111 1158 1305 1846 1232 1163 1451 1200 1404 1859 1819 1315 1196 1372 1650 1227 1793 1871 1122 1422 1584 1768 1219 1653 1442 1898 1793 1164 1017 1076 1683 1428 1690 1575 1014 1166 1582 1633 1901 1423 1797 1603 1534 1579 1304 1219 1960 1464 1946 1461 1035 1559 BCNSPRNW ULIB Ver.6.0+V

เปลี่ยนเป็นภาษาไทย

Change to English
 แสดงรายละเอียดบรรณานุกรม
  กลับหน้าหลัก

Brief Record : Get Marc (ISO 2709) : E-mail record : QR code < ปิดหน้าต่าง
LEADER : 00000nam 2200000uu 4500
001    13399122555
003     ULIB
008    020711s2549 th a 000 0 tha d
099    วจ.WY18.2^bว113ค
100    วงเดือน สุวรรณคีรี
245    คุณภาพการจัดการศึกษาหลักสูตรพยาบาลศาสตร์บัณฑิต โครงการร่วมผลิตบัณฑิตสาขาพยาบาลศาสตร์ ระหว่างมหาวิทยาลัยนเรศวร กับกระทรวงสาธารณสุข/^cวงเดือน สุวรรณคีรี และคณะ
260    พิษณุโลก :^bมหาวิทยาลัยนเรศวร,^c2549
300    130 หน้า
650    วิชาชีพพยาบาล^xวิจัย
700    อารีรัตน์ พันธุ์เขียน
700    ดวงพร ศรีจันทวงศ์
700    ชุติมา ชลประทิน
700    วิมล อ่อนเส็ง
700    ภัทรมนัส มณีจิระปราการ
945    ^p0^l0^i20002
945    ^p0^l0^i20003
945    ^p0^l0^i20014
945    ^p0^l0^i20015
945    ^p0^l0^i20016
945    ^p0^l0^i20017
รายการนี้ยังไม่มีแท็ก
คุณยังไม่ได้ล็อกอิน คุณสามารถมีกิจกรรมร่วมกับเว็บไซต์ได้ แต่ต้องล็อกอินก่อน ::
  ล็อกอิน

รายการสื่อสารสนเทศ

ลำดับที่ ประเภท เลขเรียก/บาร์โค้ด สถานที่ สถานะ
1. งานวิจัย
งานวิจัย
วจ.WY18.2 ว113ค ฉ.1 
  Barcode: 20002
ห้องสมุดวิทยาเขตสวรรค์ประชารักษ์
►วิจัย
บนชั้น
2. งานวิจัย
งานวิจัย
วจ.WY18.2 ว113ค ฉ.2 
  Barcode: 20003
ห้องสมุดวิทยาเขตสวรรค์ประชารักษ์
►วิจัย
บนชั้น
3. งานวิจัย
งานวิจัย
วจ.WY18.2 ว113ค ฉ.3 
  Barcode: 20014
ห้องสมุดวิทยาเขตสวรรค์ประชารักษ์
►วิจัย
บนชั้น
4. งานวิจัย
งานวิจัย
วจ.WY18.2 ว113ค ฉ.4 
  Barcode: 20015
ห้องสมุดวิทยาเขตสวรรค์ประชารักษ์
►วิจัย
บนชั้น
5. งานวิจัย
งานวิจัย
วจ.WY18.2 ว113ค ฉ.5 
  Barcode: 20016
ห้องสมุดวิทยาเขตสวรรค์ประชารักษ์
►วิจัย
บนชั้น
6. งานวิจัย
งานวิจัย
วจ.WY18.2 ว113ค ฉ.6 
  Barcode: 20017
ห้องสมุดวิทยาเขตสวรรค์ประชารักษ์
►วิจัย
บนชั้น

รายการใกล้เคียง
    ผู้แต่ง [วงเดือน สุวรรณคีรี]

BibComment


ยังไม่เคยถูกคอมเมนท์

คอมเมนท์ทรัพยากรรายการนี้
  คอมเมนท์: คุณภาพการจัดการศึ..


 Copyright 2026. Bcnsprnw @Library